| 000 | 00808cam a2200217 4500 | ||
|---|---|---|---|
| 001 | ABS65217 | ||
| 008 | 020403n2002 000 0 eng u | ||
| 035 | _a(Sirsi) u117320 | ||
| 100 | _aLovatt, C. | ||
| 245 | _aPackage deal under the lens | ||
| 260 | _c2002 | ||
| 490 |
_aEstates Gazette _v(0211) 16 March 2002, 143(1) |
||
| 520 | _aThe Joint Contracts Tribunal (JCT) has published a new set of interrelated construction management contracts. Briefly outlines what the JCT package consists of and questions whether the industry will give up its bespoke documents. | ||
| 590 | _aABS | ||
| 650 | _aJCT | ||
| 650 | _aCONSTRUCTION MANAGEMENT CONTRACTS | ||
| 650 | _aCONSTRUCTION INDUSTRY | ||
| 650 | _aBESPOKE CONTRACTS | ||
| 690 | _aBUILDING AND CONSTRUCTION-CONTRACTS-JCT CONTRACTS | ||
| 942 | _n0 | ||
| 999 |
_c69894 _d69894 |
||